Borderlands Characters - Statistics

General Stats
  • This quiz has been taken 243 times
    240 since last reset
  • The average score is 30 of 65
Answer Stats
Hint Answer % Correct
'The Siren' Lilith
92%
Motormouth robot who opens doors (and can't climb stairs) Claptrap
91%
'The Fragtrap' (AKA 'a Mistake') Claptrap
91%
Psychopathic CEO of Hyperion Handsome Jack
89%
She owns a bar and has multiple ex-husbands Moxxi
88%
'The Soldier' Roland
88%
'The Assassin' Zer0
87%
'The Siren' Maya
85%
'Himself' Brick
84%
'The Psycho' Krieg
84%
Friendly arms dealer and bus driver Marcus Kincaid
84%
'The Hunter' Mordecai
83%
Unlicensed doctor and medic Dr Zed Blanco
82%
He owns the Catch-a-Ride franchise (RIP). Scooter
82%
The Gunzerker' Salvador
75%
Socially awkward scientist Patricia Tannis
74%
Bomb loving child who "leads the assault" on Dragon Keep Tiny Tina
73%
'The Commando' Axton
72%
'The Doppelganger' Jack
71%
Who do you save in Liars Berg? Sir Hammerlock
70%
Daughter of the above Angel
67%
'The Mechromancer' Gaige
66%
Mordecai's bird which goes is experimented on (RIP). Bloodwing
58%
Pyromaniac and bandit leader. Second brother of three. Captain Flynt
54%
Which vault monster is fought? The Warrior
53%
Which vault monster is fought? The Destroyer
51%
Which vault monster is fought? (#3) Tyreen the Destroyer
51%
'The Operative' (third brother) Zane
51%
"The Beastmaster' FL4K
50%
'The Gladiator' Athena
48%
He is one of three brothers in the franchise and bandit leader Baron Flynt
45%
First mates of [next answer] with a big gun Boom and Bewm
44%
'The Siren' Amara
43%
Who has a secret armory and a DLC? General Knoxx
42%
'The Gunner' Moze
41%
HEYOO Steve
41%
'The Enforcer' Wilhelm
41%
'The Lawbringer' Nisha
38%
Streamer villainous sister Tyreen
35%
'The Baroness' Aurelia
34%
Desert pirate Captain Scarlett
34%
Streamer villainous brother Troy
33%
Who is Hammerlock's boyfriend? Wainwright Jakobs
32%
Siren in training Ava
28%
What is the name of the antagonist from the Atlas corporation? Commandant Steele
26%
Which Hyperion scientist dies after falling down some stairs? Professor Nakayama
26%
He is the leader of the bandits in the Arid Badlands Sledge
26%
Dehydrated civilian of Oasis Shade
20%
Which vault monster is fought? Empyrean Sentinel
18%
Scrapper with heart of gold Janey Springs
17%
Leader of the lost legion Zarpedon
16%
Accountant friend of two above Vaughan
14%
Playable female character in TFTB Fiona
9%
Sister of two above Sasha
9%
Jakobs gunslinger Clay
7%
Robotic friend Loader Bot
7%
What boss is named after a famed Australian bushranger? Red Belly
7%
Which vault monster is fought? (#2) The Graveward
7%
Which magicians voice act in the game? Penn and Teller
6%
Which vault monster is fought? (#1) The Rampager
6%
Atlas fighter who you meet on Promethea Lorelai
5%
Vault monster The Traveler
5%
He was conned into selling a false vault key August
4%
Second robotic friend Gortys
4%
His bandit mother Vallory
2%
No matching quizzes found
Score Distribution
Percent of People with Each Score
Percentile by Number Answered
Your Score History
You have not taken this quiz since the last reset